000 00826cam a22002894a 4500
001 12613983
003 OSt
005 20240213120124.0
008 011026s2001 ne a 000 0 eng
010 _a 2001460730
015 _aNe01-39
020 _a9072007859 (pbk.)
020 _a9781856694254
035 _a(NeZmMNI)ny1637403
040 _aDLC
_cDLC
042 _apcc
050 0 0 _aT47
_b.M94 2001
082 _a745
_bMYE
100 1 _aMyerson, Jeremy.
_9120324
245 1 0 _aIDEO: masters of innovation /
_cJeremy Myerson.
260 _aAmsterdam :
_bBIS,
_c2004.
300 _a160 p. :
_bill. ;
_c28 cm.
650 0 _aIndustrial arts.
_941644
906 _a0
_bibc
_corigres
_d3
_encip
_f20
_gy-gencatlg
942 _2ddc
_cBK
999 _c607678
_d607678